The Hyderabad High Court rules, 1954 (Record no. 397787)

000 -LEADER
fixed length control field 00344cam a22001217a 4500
008 - FIXED-LENGTH DATA ELEMENTS--GENERAL INFORMATION
fixed length control field 180718b1955 xxu||||| |||| 00| 0 eng d
082 ## - DEWEY DECIMAL CLASSIFICATION NUMBER
Classification number H22x5451 H995
245 ## - TITLE STATEMENT
Title The Hyderabad High Court rules, 1954
260 ## - PUBLICATION, DISTRIBUTION, ETC.
Place of publication, distribution, etc. Hyderabad
Name of publisher, distributor, etc. High Court
Date of publication, distribution, etc. 1955
300 ## - PHYSICAL DESCRIPTION
Extent 2vols.
500 ## - GENERAL NOTE
General note Contents: v.1. 390p;v.2. 426p.
700 ## - ADDED ENTRY--PERSONAL NAME
Personal name Hyderabad. High Court
Holdings
Withdrawn status Lost status Damaged status Not for loan Permanent Location Current Location Date acquired Full call number Barcode Date last seen Price effective from Koha item type
        Indian Institute of Public Administration Indian Institute of Public Administration 2001-07-10 H22x5451 H995 25737 2018-07-21 2018-07-21 Book
        Indian Institute of Public Administration Indian Institute of Public Administration 2001-07-10 H22x5451 H995 25736 2018-07-21 2018-07-21 Book

Powered by Koha